000 00425nam a2200169 a 4500
001 0000-8510
003 ELIB.Books
008 110520 1996
035 _a(ELIB.Books)0000-8655
082 _a231.044
_bLee
100 _aLee, Jung Young
245 _aThe Trinity in Asian Perspective
260 _bNashville: Abingdon Press
_c1996
650 _aGod
942 _2ddc
_cBK
998 _cbat
_e2011-05-20
999 _c8510
_d8510